MCSE Windows NT Server 4 in the enterprise for dummies / (Record no. 91)

000 -LEADER
fixed length control field 01835cam a2200409 a 4500
001 - CONTROL NUMBER
control field 3091754
003 - CONTROL NUMBER IDENTIFIER
control field Nust
005 - DATE AND TIME OF LATEST TRANSACTION
control field 20170105095819.0
008 - FIXED-LENGTH DATA ELEMENTS--GENERAL INFORMATION
fixed length control field 980512s1998 caua 001 0 eng d
010 ## - LIBRARY OF CONGRESS CONTROL NUMBER
LC control number 98085837
020 ## - INTERNATIONAL STANDARD BOOK NUMBER
International Standard Book Number 0764504010 :
Terms of availability $29.95
035 ## - SYSTEM CONTROL NUMBER
System control number (OCoLC)40117501
040 ## - CATALOGING SOURCE
Original cataloging agency IEgv
Transcribing agency IEgv
Modifying agency DLC
042 ## - AUTHENTICATION CODE
Authentication code lccopycat
050 00 - LIBRARY OF CONGRESS CALL NUMBER
Classification number QA76.3
Item number .M3243 1998
082 00 - DEWEY DECIMAL CLASSIFICATION NUMBER
Classification number 005.4/4769
Edition number 21
100 1# - MAIN ENTRY--PERSONAL NAME
Personal name Majors, Ken.
245 10 - TITLE STATEMENT
Title MCSE Windows NT Server 4 in the enterprise for dummies /
Statement of responsibility, etc. by Kenneth Majors, Dave Dermon III, and Jeffrey Ferris ; foreword by Eckhart Boehme.
246 30 - VARYING FORM OF TITLE
Title proper/short title NT Server 4 in the enterprise
246 30 - VARYING FORM OF TITLE
Title proper/short title Microsoft Certified Systems Engineer Windows NT Server 4 in the enterprise
260 ## - PUBLICATION, DISTRIBUTION, ETC.
Place of publication, distribution, etc. Foster City, CA :
Name of publisher, distributor, etc. IDG Books Worldwide,
Date of publication, distribution, etc. c1998.
300 ## - PHYSICAL DESCRIPTION
Extent xxviii, 497 p. :
Other physical details ill. ;
Dimensions 24 cm. +
Accompanying material 1 computer laser optical disc (4 3/4 in.)
440 #0 - SERIES STATEMENT/ADDED ENTRY--TITLE
Title --For dummies
500 ## - GENERAL NOTE
General note "Pass exam 70-068."--Cover.
500 ## - GENERAL NOTE
General note "Microsoft certified professional approved study guide"--Cover.
500 ## - GENERAL NOTE
General note Includes index.
538 ## - SYSTEM DETAILS NOTE
System details note System requirements: PC (486 or faster processor; 16MB RAM; 32MB free hard disk space; Windows 95 or later, or Windows NT 4.0 or later; color display (256 colors) or grayscale; sound card; modem (14,400 bps minimum); CD-ROM drive (2x or faster).
630 00 - SUBJECT ADDED ENTRY--UNIFORM TITLE
Uniform title Microsoft Windows NT Server.
650 #0 - SUBJECT ADDED ENTRY--TOPICAL TERM
Topical term or geographic name entry element Electronic data processing personnel
General subdivision Certification.
650 #0 - SUBJECT ADDED ENTRY--TOPICAL TERM
Topical term or geographic name entry element Microsoft software
General subdivision Examinations
-- Study guides.
700 1# - ADDED ENTRY--PERSONAL NAME
Personal name Dermon, Dave.
700 1# - ADDED ENTRY--PERSONAL NAME
Personal name Ferris, Jeffrey.
906 ## - LOCAL DATA ELEMENT F, LDF (RLIN)
a 7
b cbc
c copycat
d 2
e opcn
f 19
g y-gencatlg
942 ## - ADDED ENTRY ELEMENTS (KOHA)
Source of classification or shelving scheme
Koha item type Book
Holdings
Withdrawn status Lost status Source of classification or shelving scheme Damaged status Not for loan Permanent Location Current Location Date acquired Total Checkouts Full call number Barcode Date last seen Price effective from Koha item type
          Institute of Environmental Science and Engineering (IESE) Institute of Environmental Science and Engineering (IESE) 12/08/2016   005.4/4769 IESE-513 12/08/2016 12/08/2016 Book
© 2023 Central Library, National University of Sciences and Technology. All Rights Reserved.